The fast and the furious. (Record no. 320905)
[ view plain ]
| 000 -LEADER | |
|---|---|
| fixed length control field | 08328cgm a2201477Ia 4500 |
| 001 - CONTROL NUMBER | |
| control field | ocn829280287 |
| 003 - CONTROL NUMBER IDENTIFIER | |
| control field | OCoLC |
| 005 - DATE AND TIME OF LATEST TRANSACTION | |
| control field | 20200320221433.0 |
| 007 - PHYSICAL DESCRIPTION FIXED FIELD--GENERAL INFORMATION | |
| fixed length control field | vd cvaizq |
| 008 - FIXED-LENGTH DATA ELEMENTS--GENERAL INFORMATION | |
| fixed length control field | 130307s2012 cau212 g vleng d |
| 019 ## - | |
| -- | 988490957 |
| 024 10 - OTHER STANDARD IDENTIFIER | |
| Standard number or code | 025192163319 |
| 028 42 - PUBLISHER NUMBER | |
| Publisher number | 61124318 |
| Source | Universal Studios Home Entertainment. |
| 028 42 - PUBLISHER NUMBER | |
| Publisher number | 2023508 |
| Source | Universal Studios Home Entertainment. |
| 028 42 - PUBLISHER NUMBER | |
| Publisher number | 488606 |
| Source | Universal Studios Home Entertainment. |
| 028 42 - PUBLISHER NUMBER | |
| Publisher number | 2023440 |
| Source | Universal Studios Home Entertainment. |
| 035 ## - SYSTEM CONTROL NUMBER | |
| System control number | (OCoLC)829280287 |
| Canceled/invalid control number | (OCoLC)988490957 |
| 040 ## - CATALOGING SOURCE | |
| Original cataloging agency | WVF |
| Language of cataloging | eng |
| Transcribing agency | WVF |
| Modifying agency | OCLCQ |
| -- | OCLCO |
| -- | OCLCA |
| -- | KN4 |
| -- | OCLCA |
| -- | OCLCF |
| -- | OCLCO |
| -- | BTCTA |
| -- | OCL |
| -- | OCLCO |
| -- | IYU |
| -- | OCLCO |
| -- | OCLCQ |
| -- | OCLCO |
| -- | OCLCA |
| -- | KK5 |
| -- | OCLCA |
| -- | AZZPT |
| -- | OCLCO |
| -- | WACOL |
| 041 1# - LANGUAGE CODE | |
| Language code of text/sound track or separate title | eng |
| -- | eng |
| -- | fre |
| -- | spa |
| Language code of original and/or intermediate translations of text | eng |
| 043 ## - GEOGRAPHIC AREA CODE | |
| Geographic area code | a-ja--- |
| -- | nwdr--- |
| -- | n-us-ca |
| 049 ## - LOCAL HOLDINGS (OCLC) | |
| Holding library | WACL |
| 050 #4 - LIBRARY OF CONGRESS CALL NUMBER | |
| Classification number | PN1997.2 |
| Item number | .F3783 2012 |
| 092 ## - LOCALLY ASSIGNED DEWEY CALL NUMBER (OCLC) | |
| Classification number | DVD |
| Item number | FAST |
| 092 ## - LOCALLY ASSIGNED DEWEY CALL NUMBER (OCLC) | |
| Classification number | DVD |
| Item number | Fas |
| 245 04 - TITLE STATEMENT | |
| Title | The fast and the furious. |
| Name of part/section of a work | Tokyo drift / |
| Statement of responsibility, etc | Universal Pictures ; Original Film ; Relativity Media ; produced by Ryan Kavanaugh, Neal H. Moritz ; written by Chris Morgan ; directed by Justin Lin. Fast & furious / a Universal Pictures presentation in association with Relativity Media, an Original Film/One Race Films production, a Justin Lin film ; produced by Neal H. Mortiz, Vin Diesel, Michael Fottrell ; written by Chris Morgan ; directed by Justin Lin. |
| 246 30 - VARYING FORM OF TITLE | |
| Title proper/short title | Tokyo drift |
| 246 3# - VARYING FORM OF TITLE | |
| Title proper/short title | Fast and the furious 3 |
| 246 3# - VARYING FORM OF TITLE | |
| Title proper/short title | Fast and the furious 4 |
| 246 3# - VARYING FORM OF TITLE | |
| Title proper/short title | Fast and furious |
| 260 ## - PUBLICATION, DISTRIBUTION, ETC. (IMPRINT) | |
| Place of publication, distribution, etc | Universal City, Calif : |
| Name of publisher, distributor, etc | Universal Studios Home Entertainment., |
| Date of publication, distribution, etc | [2012] |
| 300 ## - PHYSICAL DESCRIPTION | |
| Extent | 1 videodisc (212 min.) : |
| Other physical details | sound, color ; |
| Dimensions | 4 3/4 in. |
| 336 ## - Content Type | |
| Content type term | two-dimensional moving image |
| 337 ## - Media type | |
| Media type term | video |
| 338 ## - Carrier type | |
| Carrier type term | videodisc |
| 344 ## - | |
| -- | digital |
| -- | optical |
| -- | rda |
| 347 ## - | |
| -- | video file |
| -- | DVD video |
| -- | rda |
| 546 ## - LANGUAGE NOTE | |
| Language note | English, French or Spanish subtitles; English subtitles for the deaf and hard of hearing. |
| 500 ## - GENERAL NOTE | |
| General note | "Double feature"--Container. |
| 521 8# - TARGET AUDIENCE NOTE | |
| Target audience note | Both: MPAA rating: PG-13. |
| 538 ## - SYSTEM DETAILS NOTE | |
| System details note | Tokyo drift: DVD, NTSC, anamorphic widescreen 2.35:1; Dolby Digital 5.1. |
| 511 1# - PARTICIPANT OR PERFORMER NOTE | |
| Participant or performer note | Tokyo drift: Lucas Black, Bow Wow, Brian Tee, Sung Kang, Brian Goodman, Koji Kataoka, J.J. Sonny Chiba. |
| 508 ## - CREATION/PRODUCTION CREDITS NOTE | |
| Creation/production credits note | Tokyo drift: Director of photography, Stephen F. Windon ; editors, Kelly Matsumoto, Dallas Puett, Fred Raskin ; music, Brian Tyler ; costume designer, Sanja Milkovic Hays ; production designer, Ida Random. |
| 520 ## - SUMMARY, ETC. | |
| Summary, etc | Tokyo drift: To avoid jail time, street racer Sean Boswell is sent to live with his father, who is in the military and serving in Tokyo. There he discovers drift racing. After losing a race to Yakuza-connected D.K., the Drift King, Sean has to enter the Tokyo underworld to find a way to pay his debt. |
| 500 ## - GENERAL NOTE | |
| General note | Tokyo drift originally released as a motion picture in 2006. |
| 538 ## - SYSTEM DETAILS NOTE | |
| System details note | The fast & furious: DVD, NTSC, anamorphic widescreen 2.40:1; Dolby Digital 5.1. |
| 511 1# - PARTICIPANT OR PERFORMER NOTE | |
| Participant or performer note | The fast & furious: Vin Diesel, Paul Walker, Michelle Rodriguez, Jordana Brewster, John Ortiz, Laz Alonso. |
| 508 ## - CREATION/PRODUCTION CREDITS NOTE | |
| Creation/production credits note | The fast & furious: Director of photography, Amir Mokri ; edited by Fred Raskin, Christian Wagner ; music by Brian Tyler ; production designer, Ida Random ; costume designer, Sanja Milkovic Hays. |
| 520 ## - SUMMARY, ETC. | |
| Summary, etc | The fast & furious: Dom Toretto is a former street racer who, along with his crew, hijacks an oil truck out on the highway. Dom is living the life of a fugitive in the Dominican Republic, but after suffering a devastating personal loss, he is driven by revenge to return to Los Angeles to bring down an elusive drug smuggler. He is reunited with undercover FBI agent Brian O'Connor who let him go eight years earlier. Brian is also on the case of the drug smuggler and he must come to terms with Dom and make amends with Dom's sister, whom he betrayed in his original pursuit of Dom. |
| 500 ## - GENERAL NOTE | |
| General note | The fast & furious originally released as a motion picture in 2009. |
| 500 ## - GENERAL NOTE | |
| General note | The fast & furious: based on the characters created by Gary Scott Thompson. |
| 505 0# - FORMATTED CONTENTS NOTE | |
| Formatted contents note | The fast & the furious, Tokyo drift (2006, 105 min.) -- Fast & furious (2009, 107 min.). |
| 521 ## - TARGET AUDIENCE NOTE | |
| Target audience note | DVD |
| Source | Donation |
| 650 #0 - SUBJECT ADDED ENTRY--TOPICAL TERM | |
| Topical term or geographic name as entry element | Hot rods |
| Form subdivision | Drama. |
| 9 (RLIN) | 5697950 |
| 650 #0 - SUBJECT ADDED ENTRY--TOPICAL TERM | |
| Topical term or geographic name as entry element | Automobiles, Racing |
| Geographic subdivision | Japan |
| -- | Tokyo |
| Form subdivision | Drama. |
| 9 (RLIN) | 6008148 |
| 650 #0 - SUBJECT ADDED ENTRY--TOPICAL TERM | |
| Topical term or geographic name as entry element | Gangsters |
| Geographic subdivision | Japan |
| -- | Tokyo |
| Form subdivision | Drama. |
| 9 (RLIN) | 6008149 |
| 650 #0 - SUBJECT ADDED ENTRY--TOPICAL TERM | |
| Topical term or geographic name as entry element | Criminal behavior |
| Geographic subdivision | Japan |
| -- | Tokyo |
| Form subdivision | Drama. |
| 9 (RLIN) | 6008150 |
| 650 #0 - SUBJECT ADDED ENTRY--TOPICAL TERM | |
| Topical term or geographic name as entry element | Hot rods |
| Geographic subdivision | California |
| -- | Los Angeles |
| Form subdivision | Drama. |
| 9 (RLIN) | 5736593 |
| 650 #0 - SUBJECT ADDED ENTRY--TOPICAL TERM | |
| Topical term or geographic name as entry element | Hot rods |
| General subdivision | Design and construction |
| Form subdivision | Drama. |
| 9 (RLIN) | 5736594 |
| 650 #0 - SUBJECT ADDED ENTRY--TOPICAL TERM | |
| Topical term or geographic name as entry element | Criminal behavior |
| Geographic subdivision | Dominican Republic |
| Form subdivision | Drama. |
| 9 (RLIN) | 5736595 |
| 650 #0 - SUBJECT ADDED ENTRY--TOPICAL TERM | |
| Topical term or geographic name as entry element | Criminal behavior |
| Geographic subdivision | California |
| -- | Los Angeles |
| Form subdivision | Drama. |
| 9 (RLIN) | 5736596 |
| 650 #0 - SUBJECT ADDED ENTRY--TOPICAL TERM | |
| Topical term or geographic name as entry element | Undercover operations |
| Geographic subdivision | California |
| -- | Los Angeles |
| Form subdivision | Drama. |
| 9 (RLIN) | 5736597 |
| 650 #0 - SUBJECT ADDED ENTRY--TOPICAL TERM | |
| Topical term or geographic name as entry element | Drug traffic |
| Geographic subdivision | California |
| -- | Los Angeles |
| Form subdivision | Drama. |
| 9 (RLIN) | 5736598 |
| 650 #0 - SUBJECT ADDED ENTRY--TOPICAL TERM | |
| Topical term or geographic name as entry element | Man-woman relationships |
| Geographic subdivision | California |
| -- | Los Angeles |
| Form subdivision | Drama. |
| 9 (RLIN) | 5712514 |
| 650 #7 - SUBJECT ADDED ENTRY--TOPICAL TERM | |
| Topical term or geographic name as entry element | Automobiles, Racing. |
| Source of heading or term | fast |
| -- | (OCoLC)fst00824092 |
| 9 (RLIN) | 6008151 |
| 650 #7 - SUBJECT ADDED ENTRY--TOPICAL TERM | |
| Topical term or geographic name as entry element | Criminal behavior. |
| Source of heading or term | fast |
| -- | (OCoLC)fst00883170 |
| 9 (RLIN) | 6008152 |
| 650 #7 - SUBJECT ADDED ENTRY--TOPICAL TERM | |
| Topical term or geographic name as entry element | Drug traffic. |
| Source of heading or term | fast |
| -- | (OCoLC)fst00898722 |
| 9 (RLIN) | 6008153 |
| 650 #7 - SUBJECT ADDED ENTRY--TOPICAL TERM | |
| Topical term or geographic name as entry element | Gangsters. |
| Source of heading or term | fast |
| -- | (OCoLC)fst00937713 |
| 9 (RLIN) | 6008154 |
| 650 #7 - SUBJECT ADDED ENTRY--TOPICAL TERM | |
| Topical term or geographic name as entry element | Hot rods. |
| Source of heading or term | fast |
| -- | (OCoLC)fst00961678 |
| 9 (RLIN) | 94970 |
| 650 #7 - SUBJECT ADDED ENTRY--TOPICAL TERM | |
| Topical term or geographic name as entry element | Hot rods |
| General subdivision | Design and construction. |
| Source of heading or term | fast |
| -- | (OCoLC)fst00961680 |
| 9 (RLIN) | 102422 |
| 650 #7 - SUBJECT ADDED ENTRY--TOPICAL TERM | |
| Topical term or geographic name as entry element | Man-woman relationships. |
| Source of heading or term | fast |
| -- | (OCoLC)fst01007080 |
| 9 (RLIN) | 6008155 |
| 650 #7 - SUBJECT ADDED ENTRY--TOPICAL TERM | |
| Topical term or geographic name as entry element | Undercover operations. |
| Source of heading or term | fast |
| -- | (OCoLC)fst01160879 |
| 9 (RLIN) | 6008156 |
| 651 #7 - SUBJECT ADDED ENTRY--GEOGRAPHIC NAME | |
| Geographic name | California |
| Geographic subdivision | Los Angeles. |
| Source of heading or term | fast |
| -- | (OCoLC)fst01204540 |
| 9 (RLIN) | 5742529 |
| 651 #7 - SUBJECT ADDED ENTRY--GEOGRAPHIC NAME | |
| Geographic name | Dominican Republic. |
| Source of heading or term | fast |
| -- | (OCoLC)fst01206148 |
| 9 (RLIN) | 6008157 |
| 651 #7 - SUBJECT ADDED ENTRY--GEOGRAPHIC NAME | |
| Geographic name | Japan |
| Geographic subdivision | Tokyo. |
| Source of heading or term | fast |
| -- | (OCoLC)fst01204835 |
| 9 (RLIN) | 6008158 |
| 655 #7 - INDEX TERM--GENRE/FORM | |
| Genre/form data or focus term | Action and adventure films. |
| Source of term | fast |
| -- | (OCoLC)fst01710568 |
| 9 (RLIN) | 5674017 |
| 655 #7 - INDEX TERM--GENRE/FORM | |
| Genre/form data or focus term | Crime films. |
| Source of term | fast |
| -- | (OCoLC)fst01710477 |
| 9 (RLIN) | 5697955 |
| 655 #7 - INDEX TERM--GENRE/FORM | |
| Genre/form data or focus term | Drama. |
| Source of term | fast |
| -- | (OCoLC)fst01423879 |
| 9 (RLIN) | 5673873 |
| 655 #7 - INDEX TERM--GENRE/FORM | |
| Genre/form data or focus term | Feature films. |
| Source of term | fast |
| -- | (OCoLC)fst01710384 |
| 9 (RLIN) | 6008159 |
| 655 #7 - INDEX TERM--GENRE/FORM | |
| Genre/form data or focus term | Fiction films. |
| Source of term | fast |
| -- | (OCoLC)fst01710264 |
| 9 (RLIN) | 5674705 |
| 655 #7 - INDEX TERM--GENRE/FORM | |
| Genre/form data or focus term | Gangster films. |
| Source of term | fast |
| -- | (OCoLC)fst01710308 |
| 9 (RLIN) | 102714 |
| 655 #7 - INDEX TERM--GENRE/FORM | |
| Genre/form data or focus term | Thrillers (Motion pictures) |
| Source of term | fast |
| -- | (OCoLC)fst01726193 |
| 9 (RLIN) | 6008160 |
| 655 #7 - INDEX TERM--GENRE/FORM | |
| Genre/form data or focus term | Video recordings for the hearing impaired. |
| Source of term | fast |
| -- | (OCoLC)fst01710450 |
| 9 (RLIN) | 6008161 |
| 655 #7 - INDEX TERM--GENRE/FORM | |
| Genre/form data or focus term | Feature films. |
| Source of term | lcgft |
| 9 (RLIN) | 6008159 |
| 655 #7 - INDEX TERM--GENRE/FORM | |
| Genre/form data or focus term | Gangster films. |
| Source of term | lcgft |
| 9 (RLIN) | 102714 |
| 655 #7 - INDEX TERM--GENRE/FORM | |
| Genre/form data or focus term | Fiction films. |
| Source of term | lcgft |
| 9 (RLIN) | 5674705 |
| 655 #7 - INDEX TERM--GENRE/FORM | |
| Genre/form data or focus term | Action and adventure films. |
| Source of term | lcgft |
| 9 (RLIN) | 5674017 |
| 655 #7 - INDEX TERM--GENRE/FORM | |
| Genre/form data or focus term | Thrillers (Motion pictures) |
| Source of term | lcgft |
| 9 (RLIN) | 6008160 |
| 655 #7 - INDEX TERM--GENRE/FORM | |
| Genre/form data or focus term | Crime films. |
| Source of term | lcgft |
| 9 (RLIN) | 5697955 |
| 655 #7 - INDEX TERM--GENRE/FORM | |
| Genre/form data or focus term | Video recordings for the hearing impaired. |
| Source of term | lcgft |
| 9 (RLIN) | 6008161 |
| 700 1# - ADDED ENTRY--PERSONAL NAME | |
| Personal name | Lin, Justin. |
| 9 (RLIN) | 76814 |
| 700 1# - ADDED ENTRY--PERSONAL NAME | |
| Personal name | Black, Lucas, |
| Dates associated with a name | 1982- |
| 9 (RLIN) | 65347 |
| 700 0# - ADDED ENTRY--PERSONAL NAME | |
| Personal name | Bow Wow |
| Titles and other words associated with a name | (Musician) |
| 9 (RLIN) | 66789 |
| 700 1# - ADDED ENTRY--PERSONAL NAME | |
| Personal name | Tee, Brian. |
| 9 (RLIN) | 5809999 |
| 700 1# - ADDED ENTRY--PERSONAL NAME | |
| Personal name | Kang, Sung, |
| Dates associated with a name | 1972- |
| 9 (RLIN) | 70011 |
| 700 1# - ADDED ENTRY--PERSONAL NAME | |
| Personal name | Goodman, Brian. |
| 9 (RLIN) | 23544 |
| 700 1# - ADDED ENTRY--PERSONAL NAME | |
| Personal name | Windon, Stephen F. |
| 9 (RLIN) | 71318 |
| 700 1# - ADDED ENTRY--PERSONAL NAME | |
| Personal name | Matsumoto, Kelly. |
| 9 (RLIN) | 72822 |
| 700 1# - ADDED ENTRY--PERSONAL NAME | |
| Personal name | Puett, Dallas. |
| 9 (RLIN) | 6008162 |
| 700 1# - ADDED ENTRY--PERSONAL NAME | |
| Personal name | Rasking, Fred. |
| 9 (RLIN) | 6008163 |
| 700 1# - ADDED ENTRY--PERSONAL NAME | |
| Personal name | Random, Ida. |
| 9 (RLIN) | 6008164 |
| 700 1# - ADDED ENTRY--PERSONAL NAME | |
| Personal name | Tyler, Brian |
| Titles and other words associated with a name | (Composer) |
| 9 (RLIN) | 72061 |
| 700 1# - ADDED ENTRY--PERSONAL NAME | |
| Personal name | Moritz, Neal H. |
| 9 (RLIN) | 64986 |
| 700 1# - ADDED ENTRY--PERSONAL NAME | |
| Personal name | Diesel, Vin. |
| 9 (RLIN) | 59181 |
| 700 1# - ADDED ENTRY--PERSONAL NAME | |
| Personal name | Fottrell, Michael. |
| 9 (RLIN) | 57626 |
| 700 1# - ADDED ENTRY--PERSONAL NAME | |
| Personal name | Morgan, Chris. |
| 9 (RLIN) | 10722 |
| 700 1# - ADDED ENTRY--PERSONAL NAME | |
| Personal name | Walker, Paul, |
| Dates associated with a name | 1973-2013. |
| 9 (RLIN) | 5718512 |
| 700 1# - ADDED ENTRY--PERSONAL NAME | |
| Personal name | Rodriguez, Michelle. |
| 9 (RLIN) | 67004 |
| 700 1# - ADDED ENTRY--PERSONAL NAME | |
| Personal name | Brewster, Jordana, |
| Dates associated with a name | 1980- |
| 9 (RLIN) | 58323 |
| 700 1# - ADDED ENTRY--PERSONAL NAME | |
| Personal name | Ortiz, John. |
| 9 (RLIN) | 5736602 |
| 700 1# - ADDED ENTRY--PERSONAL NAME | |
| Personal name | Alonso, Laz. |
| 9 (RLIN) | 70429 |
| 700 1# - ADDED ENTRY--PERSONAL NAME | |
| Personal name | Mokri, Amir. |
| 9 (RLIN) | 69776 |
| 700 1# - ADDED ENTRY--PERSONAL NAME | |
| Personal name | Wagner, Christian A. |
| Fuller form of name | (Christian Adam) |
| 9 (RLIN) | 6008165 |
| 700 1# - ADDED ENTRY--PERSONAL NAME | |
| Personal name | Hays, Sanja Milkovic, |
| Dates associated with a name | 1958- |
| 9 (RLIN) | 74685 |
| 700 1# - ADDED ENTRY--PERSONAL NAME | |
| Personal name | Thompson, Gary Scott. |
| 9 (RLIN) | 73143 |
| 710 2# - ADDED ENTRY--CORPORATE NAME | |
| Corporate name or jurisdiction name as entry element | Universal Pictures (Firm) |
| 9 (RLIN) | 19584 |
| 710 2# - ADDED ENTRY--CORPORATE NAME | |
| Corporate name or jurisdiction name as entry element | Relativity Media. |
| 9 (RLIN) | 73590 |
| 710 2# - ADDED ENTRY--CORPORATE NAME | |
| Corporate name or jurisdiction name as entry element | Original Film (Firm) |
| 9 (RLIN) | 5763575 |
| 710 2# - ADDED ENTRY--CORPORATE NAME | |
| Corporate name or jurisdiction name as entry element | One Race Films. |
| 9 (RLIN) | 5736603 |
| 710 2# - ADDED ENTRY--CORPORATE NAME | |
| Corporate name or jurisdiction name as entry element | Universal Studios Home Entertainment (Firm) |
| 9 (RLIN) | 72642 |
| 740 02 - ADDED ENTRY--UNCONTROLLED RELATED/ANALYTICAL TITLE | |
| Uncontrolled related/analytical title | Fast & furious. |
| 938 ## - | |
| -- | Baker and Taylor |
| -- | BTCP |
| -- | BEBDMC 61168323 |
| 942 ## - ADDED ENTRY ELEMENTS (KOHA) | |
| Koha item type | DVD |
| 948 ## - LOCAL PROCESSING INFORMATION (OCLC); SERIES PART DESIGNATOR (RLIN) | |
| Series part designator, SPT (RLIN) | 08/10/2019 |
| z (OCLC) | Sirsi |
| 994 ## - | |
| -- | C0 |
| -- | WACOL |
| 996 ## - | |
| -- | 168551 |
| -- | 34301001635780 |
| -- | DVD |
| -- | DVD |
| -- | wcl |
| -- | i |
| -- | 5 |
| -- | 7.01 |
| -- | Donation |
| -- | Fas |
| -- | 08/10/2019 |
| -- | 02/19/2020 |
| -- | 02/12/2020 |
| Withdrawn status | Lost status | Source of classification or shelving scheme | Damaged status | Not for loan | Collection code | Home library | Current library | Shelving location | Date acquired | Source of acquisition | Cost, normal purchase price | Total Checkouts | Total Renewals | Full call number | Barcode | Checked out | Date last seen | Date checked out | Cost, replacement price | Price effective from | Koha item type |
|---|---|---|---|---|---|---|---|---|---|---|---|---|---|---|---|---|---|---|---|---|---|
| Long Overdue (Lost) | Dewey Decimal Classification | Movies | Wasatch County Library | Wasatch County Library | Audio Visual Area | 08/10/2019 | Donation | 7.01 | 18 | 15 | DVD Fas | 34301001635780 | 07/15/2025 | 06/26/2025 | 06/26/2025 | 7.01 | 03/20/2020 | DVD |
